000 00864nam a2200301Ia 4500
003 OSt
005 20221006142717.0
006 a|||||r|||| 00| 0
007 ta
008 221006b |||||||| |||| 00| 0 eng d
020 _a9780333589380
_c£42.50
024 _a6,999
037 _cTextual
040 _aEASL
_cEASL
_beng
041 _2eng
_aeng
082 _aQ642, N6
100 _aBREEN John Ed.
_9648231
245 0 _aJapan and christianity
_b Impacts and responses
260 _aLondon
_bMcmillan Press
_c1996
300 _axiii,189p.
_ccm.
490 _v JEL
650 _a Japan-Civilization-Christian influences
_9648232
650 _a JEL
650 _aJapan-Church history
_9648233
700 _a WILLIAMS Mark Ed.
_9463063
942 _hQ642, N6
_cTEXL
_2CC
999 _c1075085
_d1075085